000 00771nam a2200253 a 4500
001 BRCA_5653
005 20190320205152.0
008 220211s1903----gw-a######---#000-0#ger-#
041 _ager
044 _agw
050 4 _aND588
_b.K38 1903
100 1 _aKarl, Thewalt
_914372
245 1 0 _aKatalog
_bder reichhaltigen, nachgelassenen, Kunst-Sammlung
_cKarl Thewalt.
260 _aKöln
_bVerkaufsordnung
_c1903
300 _a156 p.
_bil., 15 láminas
_c42 cm.
500 _aIncluye índice de ilustraciones
500 _aContiene hoja suelta (Nota de compra)
500 _aF125
650 1 4 _aArtes decorativas
_91921
650 1 4 _aColeccionistas y colecciones
_914373
650 1 4 _aDecoración y ornamentación
_zAlemania
_914168
902 _aGFM
942 _2lcc
_cB
999 _c5346
_d5346